000 00639nam a22001697a 4500
003 UA-OsUOA
001 7457
007 ta
008 20040618b un ||||| |||| 00| 0 ukr d
942 _cSA
040 _aUA-OsUOA
_cUA-OsUOA
_dUA-OsUOA
245 _aПро сучасний стан пенсійного забезпечення та впрвадження пенсійного страхування в Україні : Постанова Верховної Ради України ,11 травня 2004 р. № 1700 - 4
300 _aС.15
955 _a0
773 0 _w0
_tГолос України
_dКиїв
_d2004
_gN108
650 7 _2UDC
999 _c293618
_d293618